Historia del Palacio de Santa Cruz (Record no. 85007)
[ view plain ]
| 000 -LEADER | |
|---|---|
| campo de control de longitud fija | 00522nam a2200169 i 4500 |
| 001 - NÚMERO DE CONTROL | |
| campo de control | 85007 |
| 003 - IDENTIFICADOR DE NÚMERO DE CONTROL | |
| campo de control | ES-MaACL |
| 005 - FECHA Y HORA DE LA ÚLTIMA TRANSACCIÓN | |
| campo de control | 20251015063107.0 |
| 007 - CAMPO FIJO DE DESCRIPCIÓN FÍSICA--INFORMACIÓN GENERAL | |
| campo de control de longitud fija | t| |
| 008 - DATOS DE LONGITUD FIJA--INFORMACIÓN GENERAL | |
| campo de control de longitud fija | 041124s1949 sp ||||1| spa d |
| 100 0# - ENTRADA PRINCIPAL--NOMBRE DE PERSONA | |
| Nombre de persona | Jorro Beneyto, Jaime, |
| Títulos y otros términos asociados al nombre | Conde de Altea |
| 9 (RLIN) | 66962 |
| 245 10 - MENCIÓN DEL TÍTULO | |
| Título | Historia del Palacio de Santa Cruz |
| Resto del título | : 1629-1950 / |
| Mención de responsabilidad, etc. | Juan Bernia (seud.). |
| 260 ## - PUBLICACIÓN, DISTRIBUCIÓN, ETC. | |
| Lugar de publicación, distribución, etc. | Madrid : |
| Nombre del editor, distribuidor, etc. | [s.n.], |
| Fecha de publicación, distribución, etc. | 1949 ( |
| Fabricante | Blass) |
| 300 ## - DESCRIPCIÓN FÍSICA | |
| Extensión | 224 p., 30 lám. ; |
| Dimensiones | 28 cm. |
| 852 ## - LOCALIZACIÓN | |
| Ubicación | ES-MaACL |
| Número de control de estantería | D-7095 |
| Sublocalización o colección | R.29301 |
| Estatus retirado | Estado de pérdida | Estado de daño | No para préstamo | Biblioteca de origen | Biblioteca actual | Ubicación en estantería | Fecha de adquisición | Fuente de adquisición | Total de préstamos | Signatura topográfica completa | Código de barras | Visto por última vez | Precio de reemplazo | Tipo de ítem Koha |
|---|---|---|---|---|---|---|---|---|---|---|---|---|---|---|
| Biblioteca del Ateneo de Madrid | Biblioteca del Ateneo de Madrid | Sala Valle Inclán | 17/01/2008 | D-7095 | 901088833 | 23/02/2023 | 23/02/2023 | Libro impreso |
